笑中带泪的老后日常套书:《银发川柳1~3》 (Record no. 322035)

000 -LEADER
fixed length control field 00499 a2200145 4500
020 ## - ISBN
ISBN 4711528700216
082 ## - 索书号 Call Number
分类号Classification number 861.51
作者号 Author number 5453 v.01/v.02/v.03
100 ## - 作者
作者 日本公益社团法人全国自费老人之家协会 ; POPLAR社 编;古谷充子 绘
245 ## - 书名 TITLE
书名Title 笑中带泪的老后日常套书:《银发川柳1~3》
250 ## - 版本 EDITION STATEMENT
版本叙述 Edition statement 初版;平装
260 ## - 出版项PUBLICATION, DISTRIBUTION, ETC. (IMPRINT)
出版社 Name of publisher 三采文化股份有限公司
出版日期 Date of publication 2024
出版地 Place of publication 台北市
300 ## - 稽核项 PHYSICAL DESCRIPTION
页数 Number of Pages 124页;125页;125页
尺寸 Dimensions 19公分
500 ## - 一般附注 GENERAL NOTE
附注 General note
942 ## - ADDED ENTRY ELEMENTS (KOHA)
Koha item type Books
Holdings
Source of classification or shelving scheme Not for loan Permanent Location Current Location Shelving location Date acquired Source of acquisition Cost, normal purchase price 部册号Serial Enumeration / chronology Full call number Barcode Cost, replacement price Koha item type
    LIBRARY CHUNG HWA HIGH SCHOOL MUAR LIBRARY CHUNG HWA HIGH SCHOOL MUAR 一楼中文小说区 1st Floor Chinese Fiction Area 2025-07-07 117.20 银发川柳 1:以为是爱情,结果是心律不整 861.51 5453 v.01 049603 234.40 Books
    LIBRARY CHUNG HWA HIGH SCHOOL MUAR LIBRARY CHUNG HWA HIGH SCHOOL MUAR 一楼中文小说区 1st Floor Chinese Fiction Area 2025-07-07 117.20 银发川柳 3:喜欢比我年长的对象,但他们都不在了 861.51 5453 v.03 049605 234.40 Books
    LIBRARY CHUNG HWA HIGH SCHOOL MUAR LIBRARY CHUNG HWA HIGH SCHOOL MUAR 一楼中文小说区 1st Floor Chinese Fiction Area 2025-07-07 117.20 银发川柳 2:饭只能吃8分饱,剩下2分要吃药 861.51 5453 v.02 049604 234.40 Books

Powered by Koha